Fundamentals of Ecology (Record no. 54)

MARC details
000 -LEADER
Fixed length control field 00505nam a2200205 4500
003 - CONTROL NUMBER IDENTIFIER
Control field SEACOMEC
005 - DATE AND TIME OF LATEST TRANSACTION
Control field 20240328144943.0
008 - FIXED-LENGTH DATA ELEMENTS--GENERAL INFORMATION
Fixed length control field 231004b |||||||| |||| 00| 0 eng d
020 ## - INTERNATIONAL STANDARD BOOK NUMBER / ISBN
Price Rs. 495.00
040 ## - CATALOGING SOURCE
Original cataloging agency SEACOMEC
082 ## - DEWEY DECIMAL CLASSIFICATION NUMBER
Classification number 577.01
Book Number O27
100 1# - MAIN ENTRY--PERSONAL NAME
Personal name Odum, Eugene P.
245 1# - TITLE STATEMENT
Title Fundamentals of Ecology
Statement of responsibility Eugene P. Odum and Gary W. Barrett
250 ## - EDITION STATEMENT
Edition statement 5th Ed
260 ## - IMPRINT
Place of publication Singapore
Name of publisher Thomas
Date of publication 2005
650 ## - SUBJECT ADDED ENTRY--TOPICAL TERM
Topical term Biology
650 ## - SUBJECT ADDED ENTRY--TOPICAL TERM
Topical term Ecology
700 1# - ADDED ENTRY--PERSONAL NAME
Personal name Barrett, Gary W.
942 ## - ADDED ENTRY ELEMENTS (KOHA)
Koha item type Books
Holdings
Withdrawn status Lost status Source of classification Damaged status Not for loan Home library Current library Date acquired Total Checkouts Call number Accession number Date last seen Price effective from Koha item type Copy number
    Dewey Decimal Classification     SEACOM ENGINEERING COLLEGE SEACOM ENGINEERING COLLEGE 28/03/2024   577.01 O27 4414 28/03/2024 28/03/2024 Books  
    Dewey Decimal Classification     SEACOM ENGINEERING COLLEGE SEACOM ENGINEERING COLLEGE 28/03/2024   577.01 O27 4415 28/03/2024 28/03/2024 Books 1
    Dewey Decimal Classification     SEACOM ENGINEERING COLLEGE SEACOM ENGINEERING COLLEGE 28/03/2024   577.01 O27 4416 28/03/2024 28/03/2024 Books 2
    Dewey Decimal Classification     SEACOM ENGINEERING COLLEGE SEACOM ENGINEERING COLLEGE 28/03/2024   577.01 O27 4417 28/03/2024 28/03/2024 Books 3
    Dewey Decimal Classification     SEACOM ENGINEERING COLLEGE SEACOM ENGINEERING COLLEGE 28/03/2024   577.01 O27 4418 28/03/2024 28/03/2024 Books 4
    Dewey Decimal Classification     SEACOM ENGINEERING COLLEGE SEACOM ENGINEERING COLLEGE 28/03/2024   577.01 O27 4419 28/03/2024 28/03/2024 Books 5
    Dewey Decimal Classification     SEACOM ENGINEERING COLLEGE SEACOM ENGINEERING COLLEGE 28/03/2024   577.01 O27 4420 28/03/2024 28/03/2024 Books 6
    Dewey Decimal Classification     SEACOM ENGINEERING COLLEGE SEACOM ENGINEERING COLLEGE 28/03/2024   577.01 O27 4421 28/03/2024 28/03/2024 Books 7
    Dewey Decimal Classification     SEACOM ENGINEERING COLLEGE SEACOM ENGINEERING COLLEGE 28/03/2024   577.01 O27 4422 28/03/2024 28/03/2024 Books 8
    Dewey Decimal Classification     SEACOM ENGINEERING COLLEGE SEACOM ENGINEERING COLLEGE 28/03/2024   577.01 O27 4423 28/03/2024 28/03/2024 Books 9
    Dewey Decimal Classification     SEACOM ENGINEERING COLLEGE SEACOM ENGINEERING COLLEGE 28/03/2024   577.01 O27 4424 28/03/2024 28/03/2024 Books 10
    Dewey Decimal Classification     SEACOM ENGINEERING COLLEGE SEACOM ENGINEERING COLLEGE 28/03/2024   577.01 O27 4425 28/03/2024 28/03/2024 Books 11
    Dewey Decimal Classification     SEACOM ENGINEERING COLLEGE SEACOM ENGINEERING COLLEGE 28/03/2024   577.01 O27 4426 28/03/2024 28/03/2024 Books 12
    Dewey Decimal Classification     SEACOM ENGINEERING COLLEGE SEACOM ENGINEERING COLLEGE 28/03/2024   577.01 O27 4427 28/03/2024 28/03/2024 Books 13
    Dewey Decimal Classification     SEACOM ENGINEERING COLLEGE SEACOM ENGINEERING COLLEGE 28/03/2024   577.01 O27 4428 28/03/2024 28/03/2024 Books 14
© Seacom Engineering College, All rights reserved.      Powered by Koha